Company law (Record no. 1841)

000 -LEADER
fixed length control field 01301cam a22003854a 4500
001 - CONTROL NUMBER
control field 14353492
003 - CONTROL NUMBER IDENTIFIER
control field OSt
005 - DATE AND TIME OF LATEST TRANSACTION
control field 20150608093921.0
008 - FIXED-LENGTH DATA ELEMENTS--GENERAL INFORMATION
fixed length control field 060425s2007 enk b 001 0 eng
010 ## - LIBRARY OF CONGRESS CONTROL NUMBER
LC control number 2006013780
015 ## - NATIONAL BIBLIOGRAPHY NUMBER
National bibliography number GBA675279
Source bnb
016 7# - NATIONAL BIBLIOGRAPHIC AGENCY CONTROL NUMBER
Record control number 013542406
Source Uk
020 ## - INTERNATIONAL STANDARD BOOK NUMBER
International Standard Book Number 9780230018778
020 ## - INTERNATIONAL STANDARD BOOK NUMBER
International Standard Book Number 1845424158 (hardcover)
035 ## - SYSTEM CONTROL NUMBER
System control number (OCoLC)ocm67840212
040 ## - CATALOGING SOURCE
Original cataloging agency DLC
Transcribing agency DLC
Modifying agency BAKER
-- BTCTA
-- BWKUK
-- YDXCP
-- UKM
-- NLGGC
-- PUL
-- BWK
-- COO
-- DLC
042 ## - AUTHENTICATION CODE
Authentication code pcc
043 ## - GEOGRAPHIC AREA CODE
Geographic area code e------
050 00 - LIBRARY OF CONGRESS CALL NUMBER
Classification number KJE2451.D56 2007
082 00 - DEWEY DECIMAL CLASSIFICATION NUMBER
Classification number 346.24/066
Edition number 22
084 ## - OTHER CLASSIFICATION NUMBER
Classification number 86.32
Source of number bcl
084 ## - OTHER CLASSIFICATION NUMBER
Classification number 86.86
Source of number bcl
100 1# - MAIN ENTRY--PERSONAL NAME
Personal name Dine, Janet.
245 10 - TITLE STATEMENT
Title Company law
Statement of responsibility, etc Janet Dine, Marios Koutsias
260 ## - PUBLICATION, DISTRIBUTION, ETC. (IMPRINT)
Place of publication, distribution, etc New york
-- Palgrave macmillan
Name of publisher, distributor, etc Palgrave macmillan
Date of publication, distribution, etc c2007.
300 ## - PHYSICAL DESCRIPTION
Extent xlii, 374p.
440 #0 - SERIES STATEMENT/ADDED ENTRY--TITLE
Title Palgeave macmillan law masters
504 ## - BIBLIOGRAPHY, ETC. NOTE
Bibliography, etc Includes bibliographical references (p. 364-367) and index.
650 #0 - SUBJECT ADDED ENTRY--TOPICAL TERM
Topical term or geographic name as entry element Corporation law
700 1# - ADDED ENTRY--PERSONAL NAME
Personal name Koutsias, Marios.
856 41 - ELECTRONIC LOCATION AND ACCESS
Materials specified Table of contents only
Uniform Resource Identifier <a href="http://www.loc.gov/catdir/toc/ecip0613/2006013780.html">http://www.loc.gov/catdir/toc/ecip0613/2006013780.html</a>
906 ## - LOCAL DATA ELEMENT F, LDF (RLIN)
a 7
b cbc
c orignew
d 1
e ecip
f 20
g y-gencatlg
942 ## - ADDED ENTRY ELEMENTS (KOHA)
Source of classification or shelving scheme
Koha item type Book
Holdings
Withdrawn status Lost status Source of classification or shelving scheme Damaged status Not for loan Home library Current library Shelving location Date acquired Total Checkouts Total Renewals Full call number Barcode Checked out Date last seen Date checked out Copy number Price effective from Koha item type
          Riara University Library Riara University Library General stack 08/06/2015 15 5 KJE2451.D56 2007 6324/15 18/04/2026 02/04/2026 02/04/2026 C.1 08/06/2015 Book

Riara University Library,
P.O. Box 49940-00100,
Nairobi, Kenya.